Canciones de Cristina en OT2025 - Estadísticas

Estadísticas generales
  • Esta prueba ha sido intentada 26 veces
    20 desde el último reinicio
  • La puntuación promedio es 11 de 17
Estadísticas de respuestas
Gala Compañero Canción % Correcto
Gala 1 Guillo Rist APT.
100%
Gala 2 Téyou Dance Crip
93%
Gala 5 Laura Muñoz La Mala Costumbre
86%
Gala Final Sola la noia
86%
Gala 11 Sola Punto De Partida
86%
Gala 3 María Cruz & Lucia Casani Training Season
86%
Gala 4 Max Does Your Mother Know
79%
Gala 7 Claudia Arenas End Of The World
79%
Gala 9 Olivia Manchild
71%
Gala 10 Sola Uh Nana
71%
Single Sola 2 PUÑALAITAS (de Andalucía)
64%
Gala 12 Guille Toledano mariposas
64%
Gala 6 Sola Je Me Casse
57%
Gala 8 Sola Garganta Con Arena
50%
Gala Final (Gala 0) Sola My Baby Just Cares for Me
29%
Gala 12 Sola Mamma Knows Best
21%
Amazon Music Original Sola Te Quiero, Te Quiero
14%
No se encontraron pruebas coincidentes
Distribución de puntuación
Porcentaje de gente con cada puntuación
Porcentaje por número respondido
Historial de tus puntuaciones
No has intentado esta prueba desde el último reinicio